000 00383cam a22001575a 4500
001 L137701
008 070424s1999 xxk f 000 0 eng d
020 _a0582357047
035 _a(Sirsi) u137701
041 0 _aeng
100 1 _aMoore, D.R
245 0 0 _aBuilding production management techniques
260 _aLongman
_c1999
651 4 _aEngland and Wales
_y1543-
942 _n0
999 _c106877
_d106877